| 000 | 00421cam a2200181 4500 | ||
|---|---|---|---|
| 001 | D6827 | ||
| 008 | 090401t1978 xxu||||| |||| 00| 0 eng d | ||
| 035 | _a(Sirsi) u3402 | ||
| 041 | _aeng | ||
| 050 | _a526.90973 | ||
| 100 | _aMcEntyre, John G | ||
| 245 | _aLand survey systems | ||
| 260 |
_aNew York _bJohn Wiley and Sons _c1978 |
||
| 300 | _axi. 537p. 23cm | ||
| 350 | _a13.75 | ||
| 942 | _n0 | ||
| 948 | _c04/03/1997 | ||
| 999 |
_c85878 _d85878 |
||